Music Quiz

Random Music or Bands Quiz
Score 0/20 Timer 06:00
0 Plays Today
Band Bassist % Correct
The BeatlesPaul McCartney
90.5%
Red Hot Chili PeppersFlea
88.7%
Led ZeppelinJohn Paul Jones
77.1%
RushGeddy Lee
68.3%
PrimusLes Claypool
62.8%
The WhoJohn Entwistle
61.6%
MetallicaRobert Trujillo
61%
NirvanaKrist Novoselic
58.8%
Green DayMike Dirnt
53.7%
Blink-182Mark Hoppus
48.2%
Band Bassist % Correct
Guns N' RosesDuff McKagan
47.6%
CreamJack Bruce
41.8%
QueenJohn Deacon
40.9%
Pearl JamJeff Ament
29.6%
Rage Against the MachineTim Commerford
26.2%
Grateful Dead Phil Lesh
21%
Smashing PumpkinsD'arcy Wretzky
17.7%
System of a DownShavo Odadjian
10.7%
Dave Matthews BandStefan Lessard
9.5%
The E Street BandGarry Tallent
8.8%

You're not logged in!

Compare scores with friends on all Sporcle quizzes.
OR
Log In

Sporcle TV

Today on Sporcle TV


Watch our educational content, quiz creation guides, and fun videos on Sporcle TV.

Show Comments

Extras

Created Sep 27, 2009ReportNominate
Tags:Bands Quiz, bassist

Top Quizzes Today


Score Distribution

Paid Content

Your Account Isn't Verified!

In order to create a playlist on Sporcle, you need to verify the email address you used during registration. Go to your Sporcle Settings to finish the process.

Report this User

Report this user for behavior that violates our Community Guidelines.

Details: